Normal view MARC view
  • Erdi, İslâm Beytullah,

Entry Personal Name

Number of records used in: 1

001 - CONTROL NUMBER

  • control field: 117349

003 - CONTROL NUMBER IDENTIFIER

  • control field: DLC

005 - DATE AND TIME OF LATEST TRANSACTION

  • control field: 20190408221824.0

008 - FIXED-LENGTH DATA ELEMENTS

  • fixed length control field: 100401n| acannaabn |n aaa c

010 ## - LIBRARY OF CONGRESS CONTROL NUMBER

  • LC control number: no2010054296

035 ## - SYSTEM CONTROL NUMBER

  • System control number: (OCoLC)oca08447573

040 ## - CATALOGING SOURCE

  • Original cataloging agency: NjP
  • Language of cataloging: eng
  • Transcribing agency: NjP
  • Modifying agency: TR-AnTOB

100 1# - HEADING--PERSONAL NAME

  • Personal name: Erdi, İslâm Beytullah,
  • Dates associated with a name: 1940-2014

400 ## - SEE FROM TRACING--PERSONAL NAME

  • Personal name: İslâm Beytullah,
  • Dates associated with a name: 1940-

400 ## - SEE FROM TRACING--PERSONAL NAME

  • Personal name: Erdi, İslam Beytullah,
  • Dates associated with a name: 1940-2014

670 ## - SOURCE DATA FOUND

  • Source citation: Sınırlar ötesinde Türk kalmak, 2009:
  • Information found: t.p. (İslâm Beytullah Erdi) p. 7 (b. Apr. 25th, 1940 in Bisertsi, Razgrat, Bulgaria)

670 ## - SOURCE DATA FOUND

  • Source citation: İslam Beytullah Erdi : $b hayatı, sanatı, eserleri / $c Nazlı Rana Gürel ; Zeki Gürel. 2012
Devinim Yazılım Eğitim Danışmanlık tarafından Koha'nın orjinal sürümü uyarlanarak geliştirilip kurulmuştur.